Herbs and Spices / (Record no. 1044)

MARC details
000 -LEADER
fixed length control field 00626nam a22002057a 4500
003 - CONTROL NUMBER IDENTIFIER
control field OSt
005 - DATE AND TIME OF LATEST TRANSACTION
control field 20240621031059.0
008 - FIXED-LENGTH DATA ELEMENTS--GENERAL INFORMATION
fixed length control field 240621b |||||||| |||| 00| 0 eng d
020 ## - INTERNATIONAL STANDARD BOOK NUMBER
International Standard Book Number 9789715812900
040 ## - CATALOGING SOURCE
Original cataloging agency DWC- Main Lib
Transcribing agency OC
082 ## - DEWEY DECIMAL CLASSIFICATION NUMBER
Classification number Fil. 641.6383 C787h 2018
100 ## - MAIN ENTRY--PERSONAL NAME
Personal name Corpus, Arlene May Gealone
245 ## - TITLE STATEMENT
Title Herbs and Spices /
Statement of responsibility, etc. Arlene May Gealone Corpus.
260 ## - PUBLICATION, DISTRIBUTION, ETC.
Place of publication, distribution, etc. Manila, Philippines :
Name of publisher, distributor, etc. Philippine Publishing House,
Date of publication, distribution, etc. c2018.
300 ## - PHYSICAL DESCRIPTION
Extent 256 pages :
Other physical details color illustrations ;
Dimensions 25cm.
504 ## - BIBLIOGRAPHY, ETC. NOTE
Bibliography, etc. note Includes index and glossary
650 ## - SUBJECT ADDED ENTRY--TOPICAL TERM
Topical term or geographic name entry element 1. Herbs
650 ## - SUBJECT ADDED ENTRY--TOPICAL TERM
Topical term or geographic name entry element 2. Spices
942 ## - ADDED ENTRY ELEMENTS (KOHA)
Source of classification or shelving scheme Dewey Decimal Classification
Koha item type Book-Filipiniana
Suppress in OPAC Yes
952 ## - LOCATION AND ITEM INFORMATION (KOHA)
--
Holdings
Withdrawn status Lost status Source of classification or shelving scheme Damaged status Not for loan Home library Current library Date acquired Source of acquisition Total Checkouts Full call number Barcode Date last seen Copy number Price effective from Koha item type Uniform Resource Identifier
    Dewey Decimal Classification     HM & Nursing Library HM & Nursing Library 01/30/2020 School Fund   Fil. 641.6383 C787h 2018 52442 06/21/2024 c1 06/21/2024 BK - FIL